தீரமிகு புது உலகம் / (Record no. 758995)
[ view plain ]
| 000 -LEADER | |
|---|---|
| fixed length control field | 00552nam a22001817a 4500 |
| 020 ## - INTERNATIONAL STANDARD BOOK NUMBER | |
| ISBN | 9789361103346 |
| 082 ## - DEWEY DECIMAL CLASSIFICATION NUMBER | |
| Classification number | 894.8113 |
| Item number | HUX/T |
| 100 ## - MAIN ENTRY--AUTHOR NAME | |
| Personal name | Huxley, Aldous |
| 240 ## - UNIFORM TITLE | |
| Uniform title | Tiiramiku Putu Ulakam |
| 245 ## - TITLE STATEMENT | |
| Title | தீரமிகு புது உலகம் / |
| Statement of responsibility, etc | by ஆல்டஸ் ஹக்ஸ்லி ; Tr. by ஜி. குப்புசாமி |
| 250 ## - EDITION STATEMENT | |
| Edition statement | 2nd |
| 260 ## - PUBLICATION, DISTRIBUTION, ETC. (IMPRINT) | |
| Place of publication | Nagercovil: |
| Name of publisher | Kalachuvadu, |
| Year of publication | 2026. |
| 300 ## - PHYSICAL DESCRIPTION | |
| Number of Pages | 304p. |
| 546 ## - LANGUAGE NOTE | |
| Language note | Tamil |
| 650 ## - SUBJECT ADDED ENTRY--TOPICAL TERM | |
| Topical Term | Novel |
| 942 ## - ADDED ENTRY ELEMENTS (KOHA) | |
| Source of classification or shelving scheme | Dewey Decimal Classification |
| Koha item type | Book |
No items available.
